000 00396nam a2200157Ia 4500
008 151213s9999 xx 000 0 und d
100 _aDominick Salbator
245 _aMacro Economics Theory
_cDominick Salbator
250 _a3rd
260 _aNew York
_bMc Grow Hill
_c2005
300 _a4230 p.
650 _aEconomics
650 _aEconomics
700 _aDominick Salbator
999 _c2654
_d2654